| 000 | 00658nam a2200217Ia 4500 | ||
|---|---|---|---|
| 003 | IN-BaIIA | ||
| 008 | 211028s9999 xx 000 0 eng d | ||
| 020 | _a978-981-238-137-8 | ||
| 040 | _cIIA Library | ||
| 080 |
_a530.145 _bCAP |
||
| 100 |
_aCapri, Anton Z _927010 |
||
| 245 | 0 |
_aRelativistic quantum mechanics and introduction to quantum field theory _cAnton Z. Capri |
|
| 260 |
_aNew Jersey _bWorld Scientific _c2002 |
||
| 300 | _aix, 179p. | ||
| 650 |
_aDirac equation _919526 |
||
| 650 |
_aKlein- Gordon filed _927011 |
||
| 650 |
_aPerturbation theory _94926 |
||
| 650 |
_aQuantum field theory _96197 |
||
| 650 | _aQuantum mechanics | ||
| 942 | _cBK | ||
| 999 |
_c14938 _d14938 |
||